| 000 | 01256cam a2200337Ma 4500 | ||
|---|---|---|---|
| 001 | ocn870117088 | ||
| 003 | OCoLC | ||
| 005 | 20160108030430.0 | ||
| 008 | 871014s1983 sz af 001 0 eng d | ||
| 040 |
_aOI@ _beng _cOI@ _dOCLCO _dOCLCF _dOCLCQ |
||
| 035 | _a(OCoLC)870117088 | ||
| 082 | 0 | 4 |
_a341.65 _219 |
| 049 | _aTZAA | ||
| 245 | 0 | 0 | _aBasic rules of the Geneva Conventions and their additional protocols. |
| 260 |
_aGeneva, Switzerland : _bICRC, _c©1983. |
||
| 300 |
_a63 pages, [8] pages of plates : _billustrations ; _c23 cm |
||
| 336 |
_atext _btxt _2rdacontent |
||
| 337 |
_aunmediated _bn _2rdamedia |
||
| 338 |
_avolume _bnc _2rdacarrier |
||
| 346 | _aGeneva Conventions | ||
| 500 | _a"Understanding humanitarian law"--Prelim. | ||
| 500 | _aIncludes index. | ||
| 650 | 0 |
_aWar _xProtection of civilians. |
|
| 650 | 0 |
_aWar victims _xLegal status, laws, etc. |
|
| 650 | 0 | _aCombatants and noncombatants (International law) | |
| 650 | 7 |
_aCombatants and noncombatants (International law) _2fast _0(OCoLC)fst00868951 |
|
| 650 | 7 |
_aWar _xProtection of civilians. _2fast _0(OCoLC)fst01170362 |
|
| 650 | 7 |
_aWar victims _xLegal status, laws, etc. _2fast _0(OCoLC)fst01170695 |
|
| 710 | 2 | _aInternational Committee of the Red Cross. | |
| 994 |
_aC0 _bTZACH |
||
| 999 |
_c3234 _d3234 |
||